00959cam a22002651 4500001001300000003000400013005001700017008004100034010001700075035001900092040004600111042001200157050002800169051002700197082001000224100005200234245004800286260004800334300002300382490013100405650001300536650001800549810010900567999001700676s 48000001 DLC20260227111912.0800107s1947 dcu b f001 0 eng c as 48000001  a(OCoLC)5848574 aSmithsonian InstitutioncGVaSdOCoLCdDLC apremarc00aQK1b.U5 vol. 29, pt. 4 aQK495.G74bS87cCopy 2 a584.91 aSwallen, Jason R.q(Jason Richard),d1903-1991.14aThe awnless annual species of Muhlenbergia. aWashington,bU.S. Govt. Print. Off.,c1947. a203-208 p.c25 cm.1 aSmithsonian Institution. United States National Museum. Contributions from the United States National Herbarium,vv. 29, p. 4 0aGrasses. 0aMuhlenbergia.2 aUnited States National Museum.tContributions from the United States National Herbarium ;vv. 29, pt. 4. c52785d52785